000
00284nam a22001217a 4500
008
181204b xxu||||| |||| 00| 0 eng d
041
_a
eng
080
_2
3rd
_a
159.9
100
_a
48
101
_a
PSI
245
_a
Group Dynamics Research and Theory
_c
Cartwright,D
942
_2
udc
_c
BK
999
_c
52778
_d
52778